The Rolling Stone's 500 Greatest Albums of All Time - Statistics

General Stats
  • This quiz has been taken 337 times
  • The average score is 271 of 500
Answer Stats
Rank Album Title Year Released Artist % Correct
5. Abbey Road 1969 The Beatles
98%
11. Revolver 1966 The Beatles
98%
24. Sgt. Pepper's Lonely Hearts Club Band 1967 The Beatles
98%
29. The White Album 1968 The Beatles
98%
35. Rubber Soul 1965 The Beatles
98%
197. Meet the Beatles! 1964 The Beatles
98%
263. A Hard Day's Night 1964 The Beatles
98%
266. Help! 1965 The Beatles
98%
342. Let It Be 1970 The Beatles
98%
8. Purple Rain 1984 Prince
96%
45. Sign o' the Times 1987 Prince
96%
130. 1999 1982 Prince
96%
326. Dirty Mind 1980 Prince
96%
12. Thriller 1982 Michael Jackson
95%
36. Off the Wall 1979 Michael Jackson
95%
194. Bad 1987 Michael Jackson
95%
58. Led Zeppelin IV 1971 Led Zeppelin
94%
101. Led Zeppelin 1969 Led Zeppelin
94%
123. Led Zeppelin II 1969 Led Zeppelin
94%
144. Physical Graffiti 1975 Led Zeppelin
94%
278. Houses of the Holy 1973 Led Zeppelin
94%
55. The Dark Side of the Moon 1973 Pink Floyd
94%
129. The Wall 1979 Pink Floyd
94%
253. The Piper at the Gates of Dawn 1967 Pink Floyd
94%
264. Wish You Were Here 1975 Pink Floyd
94%
32. Lemonade 2016 Beyoncé
93%
71. Renaissance 2022 Beyoncé
93%
81. Beyoncé 2013 Beyoncé
93%
112. Goodbye Yellow Brick Road 1973 Elton John
93%
251. Honky Chateau 1972 Elton John
93%
6. Nevermind 1991 Nirvana
93%
173. In Utero 1993 Nirvana
93%
279. MTV Unplugged in New York 1994 Nirvana
93%
2. Pet Sounds 1966 The Beach Boys
93%
410. Wild Honey 1967 The Beach Boys
93%
85. John Lennon/Plastic Ono Band 1970 John Lennon
92%
223. Imagine 1971 John Lennon
92%
84. Back in Black 1980 AC/DC
91%
9. Blood on the Tracks 1975 Bob Dylan
91%
18. Highway 61 Revisited 1965 Bob Dylan
91%
38. Blonde on Blonde 1966 Bob Dylan
91%
181. Bringing It All Back Home 1965 Bob Dylan
91%
255. The Freewheelin' Bob Dylan 1963 Bob Dylan
91%
335. The Basement Tapes 1975 Bob Dylan
91%
337. John Wesley Harding 1967 Bob Dylan
91%
411. Love and Theft 2001 Bob Dylan
91%
40. The Rise and Fall of Ziggy Stardust and the Spiders from Mars 1972 David Bowie
91%
52. Station to Station 1976 David Bowie
91%
88. Hunky Dory 1971 David Bowie
91%
206. Low 1977 David Bowie
91%
443. Scary Monsters (and Super Creeps) 1980 David Bowie
91%
78. The Sun Sessions 1976 Elvis Presley
91%
322. From Elvis in Memphis 1969 Elvis Presley
91%
332. Elvis Presley 1956 Elvis Presley
91%
145. The Marshall Mathers LP 2000 Eminem
91%
352. The Slim Shady LP 1999 Eminem
91%
1. What's Going On 1971 Marvin Gaye
91%
422. Let's Get It On 1973 Marvin Gaye
91%
493. Here, My Dear 1978 Marvin Gaye
91%
97. Master of Puppets 1986 Metallica
91%
235. Metallica 1991 Metallica
91%
14. Exile on Main St. 1972 The Rolling Stones
91%
41. Let It Bleed 1969 The Rolling Stones
91%
104. Sticky Fingers 1971 The Rolling Stones
91%
185. Beggars Banquet 1968 The Rolling Stones
91%
330. Aftermath 1966 The Rolling Stones
91%
468. Some Girls 1978 The Rolling Stones
91%
280. Get Rich or Die Tryin' 2003 50 Cent
90%
21. Born to Run 1975 Bruce Springsteen
90%
91. Darkness on the Edge of Town 1978 Bruce Springsteen
90%
142. Born in the U.S.A. 1984 Bruce Springsteen
90%
150. Nebraska 1982 Bruce Springsteen
90%
345. The Wild, The Innocent & The E Street Shuffle 1973 Bruce Springsteen
90%
118. Hotel California 1976 Eagles
90%
207. Eagles 1972 Eagles
90%
7. Rumours 1977 Fleetwood Mac
90%
111. Control 1986 Janet Jackson
90%
318. The Velvet Rope 1997 Janet Jackson
90%
339. Janet Jackson's Rhythm Nation 1814 1989 Janet Jackson
90%
10. The Miseducation of Lauryn Hill 1998 Lauryn Hill
90%
16. London Calling 1979 The Clash
90%
102. The Clash 1977 The Clash
90%
323. Sandinista! 1980 The Clash
90%
23. The Velvet Underground & Nico 1967 The Velvet Underground
90%
143. The Velvet Underground 1969 The Velvet Underground
90%
242. Loaded 1970 The Velvet Underground
90%
272. White Light/White Heat 1968 The Velvet Underground
90%
306. I'm Still in Love with You 1972 Al Green
89%
427. Call Me 1973 Al Green
89%
456. Al Green's Greatest Hits 1975 Al Green
89%
139. Paranoid 1970 Black Sabbath
88%
234. Master of Reallity 1971 Black Sabbath
88%
355. Black Sabbath 1970 Black Sabbath
88%
20. Kid A 2000 Radiohead
88%
42. OK Computer 1997 Radiohead
88%
276. The Bends 1995 Radiohead
88%
387. In Rainbows 2007 Radiohead
88%
86. The Doors 1967 The Doors
88%
80. Never Mind the Bollocks, Here's the Sex Pistols 1977 Sex Pistols
87%
46. Graceland 1986 Paul Simon
86%
425. Paul Simon 1972 Paul Simon
86%
30. Are You Experienced 1967 The Jimi Hendrix Experience
86%
53. Electric Ladyland 1968 The Jimi Hendrix Experience
86%
92. Axis: Bold as Love 1967 The Jimi Hendrix Experience
86%
124. Achtung Baby 1991 U2
86%
135. The Joshua Tree 1987 U2
86%
138. The Immaculate Collection 1990 Madonna
85%
222. Ray of Light 1998 Madonna
85%
331. Like a Prayer 1989 Madonna
85%
128. A Night at the Opera 1975 Queen
84%
4. Songs in the Key of Life 1976 Stevie Wonder
84%
34. Innervisions 1973 Stevie Wonder
84%
59. Talking Book 1972 Stevie Wonder
84%
350. Music of My Mind 1972 Stevie Wonder
84%
248. American Idiot 2004 Green Day
83%
375. Dookie 1994 Green Day
83%
17. My Beautiful Dark Twisted Fantasy 2010 Kanye West
83%
74. The College Dropout 2004 Kanye West
83%
117. Late Registration 2005 Kanye West
83%
204. Graduation 2007 Kanye West
83%
244. 808s & Heartbreak 2008 Kanye West
83%
269. Yeezus 2013 Kanye West
83%
47. Ramones 1976 Ramones
83%
385. Rocket to Russia 1977 Ramones
83%
186. Blood Sugar Sex Magik 1991 Red Hot Chili Peppers
83%
286. Californication 1999 Red Hot Chili Peppers
83%
77. Who's Next 1971 The Who
83%
190. Tommy 1969 The Who
83%
316. The Who Sell Out 1967 The Who
83%
327. Live at Leeds 1970 The Who
83%
249. Whitney Houston 1985 Whitney Houston
83%
178. Otis Blue/Otis Redding Sings Soul 1965 Otis Redding
82%
448. Complete & Unbelievable: The Otis Redding Dictionary of Soul 1966 Otis Redding
82%
33. Back to Black 2006 Amy Winehouse
81%
146. Parallel Lines 1978 Blondie
81%
401. Blondie 1976 Blondie
81%
151. Faith 1987 George Michael
80%
292. Van Halen 1978 Van Halen
80%
27. Enter the Wu-Tang (36 Chambers) 1993 Wu-Tang Clan
80%
62. Appetite for Destruction 1987 Guns N' Roses
79%
157. (What's the Story) Morning Glory? 1995 Oasis
79%
217. Definitely Maybe 1994 Oasis
79%
209. Raising Hell 1986 Run-DMC
79%
378. Run-D.M.C. 1984 Run-DMC
79%
99. Red 2012 Taylor Swift
79%
170. Folklore 2020 Taylor Swift
79%
393. 1989 2014 Taylor Swift
79%
70. Straight Outta Compton 1989 N.W.A.
77%
221. Rage Against the Machine 1992 Rage Against the Machine
77%
384. The Kinks Are the Village Green Preservation Society 1968 The Kinks
77%
478. Something Else by the Kinks 1967 The Kinks
77%
277. The Diary of Alicia Keys 2003 Alicia Keys
75%
164. At Folsom Prison 1968 Johnny Cash
75%
172. Bridge over Troubled Water 1970 Simon & Garfunkel
75%
294. Weezer 1994 Weezer
75%
13. I Never Loved a Man the Way I Love You 1967 Aretha Franklin
74%
75. Lady Soul 1968 Aretha Franklin
74%
154. Amazing Grace 1972 Aretha Franklin
74%
388. Young, Gifted and Black 1972 Aretha Franklin
74%
163. Saturday Night Fever 1977 Bee Gees
74%
392. Proud Mary: The Best of Ike & Tina Turner 1991 Ike & Tina Turner
74%
50. The Blueprint 2001 Jay-Z
74%
67. Reasonable Doubt 1996 Jay-Z
74%
155. The Black Album 2003 Jay-Z
74%
19. To Pimp a Butterfly 2015 Kendrick Lamar
74%
115. Good Kid, M.A.A.D. City 2012 Kendrick Lamar
74%
175. Damn 2017 Kendrick Lamar
74%
195. Songs of Leonard Cohen 1967 Leonard Cohen
74%
198. The B-52's 1979 The B-52's
74%
57. The Band 1969 The Band
74%
100. Music from Big Pink 1968 The Band
74%
256. Tracy Chapman 1988 Tracy Chapman
74%
94. Fun House 1970 The Stooges
73%
488. The Stooges 1969 The Stooges
73%
137. 21 2011 Adele
72%
161. Crosby, Stills & Nash 1969 Crosby, Stills & Nash
72%
465. The Best of the Classic Years 2003 King Sunny Adé
72%
353. The Cars 1978 The Cars
72%
72. Harvest 1972 Neil Young
70%
90. After the Gold Rush 1970 Neil Young
70%
296. Rust Never Sleeps 1979 Neil Young
70%
302. Tonight's the Night 1973 Neil Young
70%
311. On the Beach 1974 Neil Young
70%
407. Everybody Knows This Is Nowhere 1969 Neil Young
70%
125. Paul's Boutique 1989 Beastie Boys
69%
192. Licensed to Ill 1986 Beastie Boys
69%
261. Check Your Head 1992 Beastie Boys
69%
25. Tapestry 1971 Carole King
69%
49. Aquemini 1998 Outkast
69%
64. Stankonia 2000 Outkast
69%
290. Speakerboxxx/The Love Below 2003 Outkast
69%
26. Horses 1975 Patti Smith
69%
48. Exodus 1977 Bob Marley and The Wailers
67%
140. Catch a Fire 1973 Bob Marley and The Wailers
67%
216. Either/Or 1997 Elliott Smith
67%
227. Here's Little Richard 1957 Little Richard
67%
96. Automatic for the People 1992 R.E.M.
67%
165. Murmur 1983 R.E.M.
67%
152. Pretenders 1980 The Pretenders
67%
69. Jagged Little Pill 1995 Alanis Morissette
66%
299. Live at the Regal 1965 B.B. King
66%
399. Brian Wilson Presents Smile 2004 Brian Wilson
66%
3. Blue 1971 Joni Mitchell
66%
110. Court and Spark 1974 Joni Mitchell
66%
133. Hejira 1976 Joni Mitchell
66%
258. The Hissing of Summer Lawns 1975 Joni Mitchell
66%
203. Pink Moon 1972 Nick Drake
66%
160. Ten 1991 Pearl Jam
66%
113. The Queen Is Dead 1986 The Smiths
65%
252. Q: Are We Not Men?A: We Are Devo! 1978 Devo
64%
95. Take Care 2011 Drake
64%
367. If You're Reading This It's Too Late 2015 Drake
64%
37. The Chronic 1992 Dr. Dre
64%
381. (Pronounced Leh-nerd Skin-nerd) 1973 Lynyrd Skynyrd
64%
31. Kind of Blue 1959 Miles Davis
64%
87. B***** Brew 1970 Miles Davis
64%
54. Star Time 1991 James Brown
62%
65. Live at the Apollo 1963 James Brown
62%
439. Sex Machine 1970 James Brown
62%
68. Hounds of Love 1985 Kate Bush
62%
484. Born This Way 2011 Lady Gaga
62%
22. Ready to Die 1994 The Notorious B.I.G.
62%
179. Life After Death 1997 The Notorious B.I.G.
62%
159. Synchronicity 1983 The Police
62%
60. Astral Weeks 1968 Van Morrison
62%
120. Moondance 1970 Van Morrison
62%
436. All Eyez on Me 1996 2Pac
61%
83. Dusty in Memphis 1969 Dusty Springfield
61%
15. It Takes a Nation of Millions to Hold Us Back 1988 Public Enemy
60%
176. Fear of a Black Planet 1990 Public Enemy
60%
182. Sweet Baby James 1970 James Taylor
59%
98. Car Wheels on a Gravel Road 1998 Lucinda Williams
59%
426. Lucinda Williams 1988 Lucinda Williams
59%
475. Sheryl Crow 1996 Sheryl Crow
59%
340. Doggystyle 1993 Snoop Doggy Dogg
59%
169. The Stranger 1977 Billy Joel
58%
368. All Things Must Pass 1970 George Harrison
58%
39. Remain in Light 1980 Talking Heads
58%
364. More Songs About Buildings and Food 1978 Talking Heads
58%
191. At Last! 1960 Etta James
56%
44. Illmatic 1994 Nas
56%
319. The Stone Roses 1989 The Stone Roses
56%
455. Go Bo Diddley 1959 Bo Diddley
55%
103. 3 Feet High and Rising 1989 De La Soul
55%
228. De La Soul Is Dead 1991 De La Soul
55%
116. Disintegration 1989 The Cure
55%
361. The Black Parade 2006 My Chemical Romance
54%
397. When We All Fall Asleep, Where Do We Go? 2019 Billie Eilish
53%
236. Discovery 2001 Daft Punk
53%
295. Random Access Memories 2013 Daft Punk
53%
208. Tha Carter III 2008 Lil Wayne
53%
370. Tha Carter II 2005 Lil Wayne
53%
324. A Rush of Blood to the Head 2002 Coldplay
52%
418. Brothers in Arms 1985 Dire Straits
52%
132. 40 Greatest Hits 1978 Hank Williams
52%
230. Anti 2016 Rihanna
52%
193. Willy and the Poor Boys 1969 Creedence Clearwater Revival
51%
413. Cosmo's Factor 1970 Creedence Clearwater Revival
51%
109. Transformer 1972 Lou Reed
50%
122. The Downward Spiral 1994 Nine Inch Nails
50%
453. Pretty Hate Machine 1989 Nine Inch Nails
50%
63. Aja 1977 Steely Dan
50%
168. Can't Buy a Thrill 1972 Steely Dan
50%
394. Diana 1980 Diana Ross
49%
79. Blonde 2016 Frank Ocean
49%
148. Channel Orange 2012 Frank Ocean
49%
449. Elephant 2003 The White Stripes
49%
346. AM 2013 Arctic Monkeys
48%
76. Super Fly 1972 Curtis Mayfield
48%
275. Curtis 1970 Curtis Mayfield
48%
226. Layla and Other Assorted Love Songs 1970 Derek and the Dominos
48%
259. Pearl 1971 Janis Joplin
48%
301. New York Dolls 1973 New York Dolls
48%
366. Rocks 1976 Aerosmith
47%
321. Norman F****** Rockwell! 2019 Lana Del Rey
47%
141. Doolittle 1989 Pixies
47%
390. Surfer Rosa 1988 Pixies
47%
274. Sweetheart of the Rodeo 1968 The Byrds
47%
287. Mr. Tambourine Man 1965 The Byrds
47%
438. Parklife 1994 Blur
46%
282. In the Wee Small Hours 1955 Frank Sinatra
46%
147. Grace 1994 Jeff Buckley
46%
66. A Love Supreme 1964 John Coltrane
46%
232. Giant Steps 1960 John Coltrane
46%
114. Is This It 2001 The Strokes
46%
491. Harry's House 2022 Harry Styles
45%
389. The Emancipation of Mimi 2005 Mariah Carey
45%
93. Supa Dupa Fly 1997 Missy Elliott
45%
184. She's So Unusual 1983 Cyndi Lauper
44%
211. Unknown Pleasures 1979 Joy Division
44%
309. Closer 1980 Joy Division
44%
149. John Prine 1971 John Prine
43%
107. Maruqee Moon 1977 Television
43%
214. Wildflowers 1994 Tom Petty
43%
298. Full Moon Fever 1989 Tom Petty
43%
231. Damn the Torpedoes 1979 Tom Petty and The Heartbreakers
43%
43. The Low End Theory 1991 A Tribe Called Quest
42%
201. Midnight Marauders 1993 A Tribe Called Quest
42%
167. Violator 1990 Depeche Mode
42%
257. Coat of Many Colors 1971 Dolly Parton
42%
408. Ace of Spades 1980 Motörhead
42%
334. Abraxas 1970 Santana
42%
494. Presenting the Fabulous Ronettes Featuring Veronica 1964 The Ronettes
42%
218. CrazySexyCool 1994 TLC
42%
51. The Great Twenty-Eight 1982 Chuck Berry
41%
437. Demon Days 2005 Gorillaz
41%
246. Mama Said Knock You Out 1990 LL Cool J
41%
127. Modern Sounds in Country and Western Music 1962 Ray Charles
41%
210. The Birth of Soul 1991 Ray Charles
41%
82. There's a Riot Goin' On 1971 Sly and the Family Stone
41%
119. Stand! 1969 Sly and the Family Stone
41%
343. Greatest Hits 1970 Sly and the Family Stone
41%
303. The Definitive Collection 2001 ABBA
40%
202. Homogenic 1997 Björk
40%
289. Post 1995 Björk
40%
89. Baduizm 1997 Erykah Badu
40%
158. Mama's Gun 2000 Erykah Badu
40%
134. The Score 1996 Fugees
40%
136. Maggot Brain 1971 Funkadelic
40%
360. One Nation Under a Groove 1978 Funkadelic
40%
187. AmeriKKKa's Most Wanted 1990 Ice Cube
40%
369. The Infamous 1995 Mobb Deep
40%
430. Un Verano Sin Ti 2022 Bad Bunny
39%
447. X 100pre 2018 Bad Bunny
39%
424. Odelay 1996 Beck
39%
28. Voodoo 2000 D'Angelo
39%
183. Brown Sugar 1995 D'Angelo
39%
395. Black Messiah 2014 D'Angelo & The Vanguard
39%
281. Nilsson Schmilsson 1971 Harry Nilsson
39%
379. Moving Pictures 1981 Rush
39%
341. Siamese Dream 1993 The Smashing Pumpkins
38%
237. Red Headed Stranger 1975 Willie Nelson
38%
365. Madvillainy 2004 Madvillain
37%
177. Every Picture Tells a Story 1971 Rod Stewart
37%
351. SOS 2022 SZA
37%
472. Ctrl 2017 SZA
37%
432. Confessions 2004 Usher
37%
380. Mingus Ah Um 1959 Charles Mingus
36%
382. Currents 2015 Tame Impala
36%
445. Close to the Edge 1972 Yes
36%
460. Melodrama 2017 Lorde
35%
200. Diamond Life 1984 Sade
35%
247. Love Deluxe 1992 Sade
35%
166. 20 Golden Greats 1978 Buddy Holly
34%
452. Anthology 1974 The Supremes
34%
328. Modern Vampires of the City 2013 Vampire Weekend
34%
283. Bad Girls 1979 Donna Summer
33%
106. Live Through This 1994 Hole
33%
238. Trans-Europe Express 1977 Kraftwerk
33%
73. Loveless 1991 My Bloody Valentine
33%
297. So 1986 Peter Gabriel
33%
105. At Fillmore East 1971 The Allman Brothers Band
33%
442. Beauty Behind the Madness 2015 The Weeknd
33%
205. Tea for the Tillerman 1970 Cat Stevens
32%
61. Paid in Full 1987 Eric B. and Rakim
32%
108. When the Pawn... 1999 Fiona Apple
32%
213. The Idler Wheel... 2012 Fiona Apple
32%
444. Extraordinary Machine 2005 Fiona Apple
32%
215. American Beauty 1970 Grateful Dead
32%
409. Workingman's Dead 1970 Grateful Dead
32%
358. Sour 2021 Olivia Rodrigo
32%
131. Dummy 1994 Portishead
32%
240. Live at the Harlem Square Club, 1963 1985 Sam Cooke
32%
307. Portrait of a Legend: 1951-1964 2003 Sam Cooke
32%
500. Funeral 2004 Arcade Fire
31%
414. Risqué 1979 Chic
31%
121. This Year's Model 1978 Elvis Costello
31%
471. Surrealistic Pillow 1967 Jefferson Airplane
31%
300. Come On Over 1997 Shania Twain
31%
398. The Raincoats 1979 The Raincoats
31%
225. Yankee Hotel Foxtrot 2002 Wilco
31%
305. Alive! 1975 Kiss
30%
188. Electric Warrior 1971 T. Rex
30%
441. Blackout 2007 Britney Spears
29%
180. Forever Changes 1967 Love
29%
336. Avalon 1982 Roxy Music
29%
347. Liquid Swords 1995 GZA
28%
56. Exile in Guyville 1993 Liz Phair
28%
241. Blue Lines 1991 Massive Attack
28%
383. Mezzanine 1998 Massive Attack
28%
376. In the Aeroplane Over the Sea 1998 Neutral Milk Hotel
28%
162. Different Class 1995 Pulp
28%
374. King of the Delta Blues Singers 1961 Robert Johnson
28%
400. Beauty and the Beat 1981 The Go-Go's
27%
288. The Modern Lovers 1976 The Modern Lovers
27%
254. Head Hunters 1973 Herbie Hancock
26%
483. The Anthology: 1947-1972 2001 Muddy Waters
26%
262. Power, Corruption & Lies 1983 New Order
26%
363. Mothership Connection 1975 Parliament
26%
199. Slanted and Enchanted 1992 Pavement
26%
265. Wowee Zowee 1995 Pavement
26%
434. Crooked Rain, Crooked Rain 1994 Pavement
26%
171. Daydream Nation 1988 Sonic Youth
26%
304. Just as I Am 1971 Bill Withers
25%
333. Still Bill 1972 Bill Withers
25%
245. Heaven or Las Vegas 1990 Cocteau Twins
25%
386. Donuts 2006 J Dilla
25%
325. All Killer, No Filler: The Anthology 1993 Jerry Lee Lewis
25%
440. Coal Miner's Daughter 1971 Loretta Lynn
25%
219. Only Built 4 Cuban Linx... 1995 Raekwon
25%
496. ¿Dónde Están los Ladrones? 1998 Shakira
25%
243. Odessey and the Oracle 1968 The Zombies
25%
357. Rain Dogs 1985 Tom Waits
25%
320. Los Angeles 1980 X
25%
220. Deja Vu 1970 Crosby, Stills, Nash & Young
24%
291. The Writing's on the Wall 1999 Destiny's Child
24%
459. Man on the Moon: The End of Day 2009 Kid Cudi
24%
212. Wild Is the Wind 1966 Nina Simone
24%
156. Let It Be 1984 The Replacements
24%
308. Here Come the Warm Jets 1974 Brian Eno
23%
338. Another Green World 1975 Brian Eno
23%
403. Supreme Clientele 2000 Ghostface Killah
23%
373. Hot Buttered Soul 1969 Isaac Hayes
23%
126. My Life 1994 Mary J. Blige
23%
271. What's the 411? 1992 Mary J. Blige
23%
153. Rid of Me 1993 PJ Harvey
23%
313. Stories from the City, Stories from the Sea 2000 PJ Harvey
23%
498. Suicide 1977 Suicide
23%
421. Arular 2005 M.I.A.
22%
482. Bizarre Ride II the Pharcyde 1992 The Pharcyde
22%
270. Golden Hour 2018 Kacey Musgraves
21%
174. The Harder They Come (Soundtrack) 1973 Various Artists
21%
405. Nuggets: Original Artyfacts from the First Psychedelic Era, 1965-1968 1972 Various Artists
21%
489. Back to Mono (1958-1969) 1991 Various Artists
21%
497. The Indestructible Beat of Soweto 1985 Various Artists
21%
285. Third/Sister Lovers 1974 Big Star
20%
359. Radio City 1974 Big Star
20%
474. #1 Record 1972 Big Star
20%
461. For Emma, Forever Ago 2007 Bon Iver
20%
495. II 1994 Boyz II Men
20%
433. Sound of Silver 2007 LCD Soundsystem
20%
349. Kick Out the Jams 1969 MC5
20%
420. That's the Way of the World 1975 Earth, Wind & Fire
19%
499. Ask Rufus 1977 Rufus and Chaka Khan
19%
457. I Do Not Want What I Haven't Got 1990 Sinéad O'Connor
19%
371. Anthology 1973 The Temptations
19%
492. Nick of Time 1989 Bonnie Raitt
18%
329. Endtroducing..... 1996 DJ Shadow
18%
429. Reach Out 1967 Four Tops
18%
196. Body Talk 2010 Robyn
18%
479. Amor Prohibido 1994 Selena
18%
312. A Seat at the Table 2016 Solange
18%
317. Lady in Satin 1958 Billie Holiday
17%
416. Things Fall Apart 1999 The Roots
17%
490. Heart Like a Wheel 1974 Linda Ronstadt
16%
310. Pink Flag 1977 Wire
16%
377. Fever to Tell 2003 Yeah Yeah Yeahs
16%
315. El Mal Querer 2018 Rosalía
15%
473. Barrio Fino 2004 Daddy Yankee
14%
224. Fly 1999 Dixie Chicks
14%
412. Going to a Go-Go 1965 Smokey Robinson
14%
396. Something/Anything? 1972 Todd Rundgren
14%
487. Damaged 1981 Black Flag
13%
250. Singles Going Steady 1979 Buzzcocks
13%
273. Entertainment! 1979 Gang of Four
13%
354. Germfree Adolescents 1978 X-Ray Spex
13%
314. One in a Million 1996 Aaliyah
12%
372. Cheap Thrills 1968 Big Brother and The Holding Company
12%
454. Ege Bamyasi 1972 Can
12%
477. Moanin' in the Moonlight 1959 Howlin' Wolf
12%
486. Continuum 2006 John Mayer
12%
362. Never Too Much 1981 Luther Vandross
12%
229. The Ultimate Collection 2000 Patsy Cline
12%
189. Dig Me Out 1997 Sleater-Kinney
12%
293. Last Splash 1993 The Breeders
12%
233. Little Earthquakes 1992 Tori Amos
12%
419. Chief 2011 Eric Church
11%
481. If You're Feeling Sinister 1996 Belle and Sebastian
10%
356. Gris-Gris 1968 Dr. John
10%
428. New Day Rising 1985 Hüsker Dü
10%
469. Clandestino 1998 Manu Chao
10%
267. Double Nickels on the Dime 1984 Minutemen
10%
480. The Weight of These Wings 2016 Miranda Lambert
10%
435. Actually 1987 Pet Shop Boys
10%
268. Sail Away 1972 Randy Newman
10%
406. 69 Love Songs 1999 The Magnetic Fields
10%
348. Time (The Revelator) 2001 Gillian Welch
9%
284. Down Every Road 1962-1994 1996 Merle Haggard
9%
417. The Shape of Jazz to Come 1959 Ornette Coleman
9%
450. Ram 1971 Paul McCartney & Linda McCartney
9%
451. First Take 1969 Roberta Flack
9%
476. Kimono My House 1974 Sparks
9%
260. Cut 1979 The Slits
9%
239. Criminal Minded 1987 Boogie Down Productions
8%
458. Southeastern 2013 Jason Isbell
8%
463. Eli and the Thirteenth Confession 1968 Laura Nyro
8%
446. Journey in Satchidananda 1971 Alice Coltrane
7%
404. Rapture 1986 Anita Baker
7%
470. 400 Degreez 1998 Juvenile
7%
462. The Gilded Palace of Sin 1969 The Flying Burrito Brothers
7%
464. 3 + 3 1973 The Isley Brothers
7%
344. Funky Kingston 1973 Toots and the Maytals
7%
431. How Will the Wolf Survive? 1984 Los Lobos
6%
467. BLACKsummers'night 2009 Maxwell
6%
423. I Can Hear the Heart Beating as One 1997 Yo La Tengo
5%
466. Red 1981 Black Uhuru
4%
402. Expensive S*** 1975 Fela Kuti and Africa '70
4%
485. I Want to See the Bright Lights Tonight 1974 Richard Thompson and Linda Thompson
4%
391. Kaleidoscope 1999 Kelis
2%
415. Look-Ka Py Py 1969 The Meters
2%
No matching quizzes found
Score Distribution
Percent of People with Each Score
Percentile by Number Answered
Your Score History
You have not taken this quiz